Mathématiques: terminale S, obligatoire

Saved in:
Bibliografiske detaljer
Main Authors: Thiénard, Jean-Claude (Author), Cheymol, Maryse (Author), Combrade, Maryse (Author), Delors, Francoise (Author), Bonneval, Louis-Marie (Author), Gaud, Dominique (Author), Jussiaume, Loïc (Author), Parnaudeau, Jean-Marie (Author), Terrochaire (Author)
Format: Bog
Sprog:fransk
Udgivet: París Bréal 2002
Fag:
Tags: Tilføj Tag
Ingen Tags, Vær først til at tagge denne postø!

MARC

LEADER 00000nam a2200000 a 4500
001 UCM5104
003 CL-VaPUC
008 020927e20020000fr |||||||||||||||||fre|d
020 |a 2842918835 
082 0 4 |a 510.0712  |b THI  |2 21 
100 0 |a Thiénard, Jean-Claude  |e author  |9 471444 
700 0 |a Cheymol, Maryse  |e author  |9 471445 
700 0 |a Combrade, Maryse  |e author  |9 471446 
700 0 |a Delors, Francoise  |e author  |9 471447 
700 0 |a Bonneval, Louis-Marie  |e author  |9 471448 
700 |a Gaud, Dominique  |e author  |9 478735 
700 0 |a Jussiaume, Loïc  |e author  |9 471450 
700 0 |a Parnaudeau, Jean-Marie  |e author  |9 471451 
700 0 |a Terrochaire  |e author  |9 471452 
245 1 0 |a Mathématiques: terminale S, obligatoire 
300 |a 431 p 
942 |c BK 
945 |d 20020927 00:00:00  |a cmena 
260 |a París  |b Bréal  |c 2002 
650 0 |a Matemáticas  |x Enseñanza  |9 875527 
650 0 |a Métodos de enseñanza  |9 270413 
583 |a last modification  |c 20171005 12:29:53  |k Rodrigo Vera 
999 |c 301389  |d 301387